[Event "Titled Tuesday intern op 4th Febr"]
[Site "Chess.com INT"]
[Date "2020.02.04"]
[Round "4"]
[White "Sztokbant, Bernardo Vainzoff"]
[Black "Zenker, Ulrich"]
[Result "1-0"]
[WhiteElo "2194"]
[BlackElo "2156"]
[PlyCount "93"]
[EventDate "2020.02.04"]
[EventType "swiss (blitz)"]
[EventRounds "10"]
[EventCountry "USA"]
[SourceTitle "EXT 2021"]
[Source "ChessBase"]
[SourceDate "2020.10.23"]
[SourceVersion "1"]
[SourceVersionDate "2020.10.23"]
[SourceQuality "1"]

1. d4 d5 2. c4 e6 3. Nf3 Nf6 4. Nc3 Be7 5. cxd5 exd5 6. Bf4 0-0 7. e3 b6 8. Bd3 c5 9. 0-0 Bb7 10. Rc1 Nc6 11. dxc5 bxc5 12. Bb1 Rc8 13. Na4 Qa5 14. a3 Rfd8 15. Nxc5 Bxc5 16. b4 Bxb4 17. axb4 Qxb4 18. Bg5 Qd6 19. Qd3 h6 20. Bh4 Ne5 21. Qf5 Nxf3+ 22. gxf3 Qe6 23. Rxc8 Rxc8 24. Qf4 Nh5 25. Qd4 Qh3 26. Bg3 Nxg3 27. hxg3 a6 28. Qd3 Qe6 29. Qh7+ Kf8 30. Qh8+ Ke7 31. Qxg7 Qf6 32. Qg4 Rd8 33. Qb4+ Ke8 34. Qxb7 Rd7 35. Qc8+ Rd8 36. Qc7 Qxf3 37. Qf4 Qe2 38. Qe5+ Kf8 39. Qh8+ Ke7 40. Qxh6 Qf3 41. Qg5+ Ke8 42. Bc2 a5 43. Ba4+ Kf8 44. Qxd8+ Kg7 45. Qg5+ Kf8 46. Qf4 Qe2 47. Qd6+ 1-0

[Event "Titled Tuesday intern op 4th Febr"]
[Site "Chess.com INT"]
[Date "2020.02.04"]
[Round "2"]
[White "Zenker, Ulrich"]
[Black "Hadzovic, Amir"]
[Result "0-1"]
[WhiteElo "2156"]
[BlackElo "2257"]
[PlyCount "66"]
[EventDate "2020.02.04"]
[EventType "swiss (blitz)"]
[EventRounds "10"]
[EventCountry "USA"]
[SourceTitle "EXT 2021"]
[Source "ChessBase"]
[SourceDate "2020.10.23"]
[SourceVersion "1"]
[SourceVersionDate "2020.10.23"]
[SourceQuality "1"]

1. c4 e5 2. Nc3 Nc6 3. Nf3 g6 4. g3 Bg7 5. Bg2 d6 6. 0-0 f5 7. d3 Nf6 8. Rb1 0-0 9. Nd5 Nxd5 10. cxd5 Ne7 11. Nd2 f4 12. b4 Nf5 13. Bb2 fxg3 14. hxg3 Bd7 15. Qc2 Rc8 16. Ne4 h5 17. e3 Bh6 18. Qe2 Ng7 19. Kh2 Bg4 20. f3 Bd7 21. Rbc1 Nf5 22. f4 exf4 23. exf4 Bg7 24. Bxg7 Kxg7 25. Qb2+ Kh6 26. b5 Ne3 27. Rfe1 Ng4+ 28. Kg1 h4 29. a4 hxg3 30. Nxg3 Qh4 31. Nf1 Rxf4 32. Rc4 Rxc4 33. dxc4 Qxe1 0-1

[Event "Titled Tuesday intern op1 4th Febr"]
[Site "Chess.com INT"]
[Date "2020.02.04"]
[Round "6"]
[White "Zenker, Ulrich"]
[Black "Schrik, Rachid"]
[Result "1-0"]
[WhiteElo "2156"]
[BlackElo "2198"]
[PlyCount "41"]
[EventDate "2020.02.04"]
[EventType "swiss (blitz)"]
[EventRounds "10"]
[EventCountry "USA"]
[SourceTitle "EXT 2021"]
[Source "ChessBase"]
[SourceDate "2020.10.23"]
[SourceVersion "1"]
[SourceVersionDate "2020.10.23"]
[SourceQuality "1"]

1. c4 e5 2. Nc3 Bb4 3. d3 Bxc3+ 4. bxc3 Nc6 5. e4 d6 6. Be2 Nge7 7. f4 f6 8. Nf3 Be6 9. 0-0 0-0 10. d4 Na5 11. Qa4 c5 12. fxe5 dxe5 13. dxe5 Nec6 14. Rd1 Qe8 15. exf6 Rxf6 16. Rd5 Bxd5 17. cxd5 Ne5 18. Qxa5 Ng4 19. Qxc5 Qxe4 20. Qd4 Qg6 21. Bg5 1-0

[Event "Titled Tuesday intern op 7th Januar"]
[Site "Chess.com INT"]
[Date "2020.01.07"]
[Round "1"]
[White "Zenker, Ulrich"]
[Black "Mostbauer, Maximilian"]
[Result "0-1"]
[WhiteElo "2156"]
[BlackElo "2242"]
[PlyCount "124"]
[EventDate "2020.01.07"]
[EventType "swiss (blitz)"]
[EventRounds "10"]
[EventCountry "USA"]
[SourceTitle "EXT 2021"]
[Source "ChessBase"]
[SourceDate "2020.10.23"]
[SourceVersion "1"]
[SourceVersionDate "2020.10.23"]
[SourceQuality "1"]

1. c4 b6 2. d4 e6 3. Nf3 Bb7 4. g3 Nf6 5. Bg2 Bb4+ 6. Bd2 Bxd2+ 7. Qxd2 0-0 8. 0-0 Ne4 9. Qc2 f5 10. Nfd2 d5 11. Nf3 Nd7 12. Nbd2 c5 13. Rac1 Rc8 14. dxc5 Ndxc5 15. Rfd1 Qf6 16. Qb1 Rfd8 17. cxd5 Bxd5 18. Nc4 Bxc4 19. Rxd8+ Rxd8 20. Rxc4 h6 21. h4 g5 22. b4 Na4 23. Qb3 Nac3 24. e3 Rd1+ 25. Kh2 g4 26. Nd4 Rb1 27. Rc8+ Kg7 28. Qxe6 Qxe6 29. Nxe6+ Kf6 30. Nf4 Nxa2 31. Rc6+ Kg7 32. Ne6+ Kf7 33. Nd4 Nxb4 34. Rxh6 Nxf2 35. Nxf5 Nbd3 36. Bd5+ Ke8 37. Rh7 Rb2 38. Nd6+ Kd8 39. Be6 Ne4+ 40. Kg1 Rb1+ 41. Kg2 Rb2+ 42. Kg1 Rb1+ 43. Kg2 Ne1+ 44. Kf1 Nf3+ 45. Ke2 Rb2+ 46. Kd1 Rd2+ 47. Kc1 Rxd6 48. Bf5 Nf2 49. Rxa7 Rd1+ 50. Kb2 Rd5 51. e4 Re5 52. h5 Nxe4 53. Bxe4 Rxe4 54. h6 Ng5 55. h7 Nxh7 56. Rxh7 Re3 57. Rb7 Rxg3 58. Rxb6 Ke7 59. Kc2 Kf7 60. Kd2 Rf3 61. Ke2 Rf4 62. Ke3 Ra4 0-1